000 00865nam a2200253Ia 4500
003 OSt
005 20220923211146.0
006 a|||||r|||| 00| 0
007 ta
008 220922b |||||||| |||| 00| 0 hin d
020 _a818724669 (hb)
024 _a231,190
037 _cTextual
040 _aARTS
_cARTS
_bhin
041 _2hin
_ahin
082 _aO122,NFL,MB, 152P4
100 _aफलाबेयर, गुस्ताव; युगांक धीर, अनु.
_9158900
245 0 _aमादाम बॉवेरी
246 _aMādām baॉverī
260 _aमुंबई
_b संवाद प्रकाशन
_c2004
300 _a287पृ.
_ccm.
942 _hO122,NFL,MB, 152P4
_cTEXL
_2CC
999 _c296112
_d296112